Statistiques concernant One piece par image #1

Cliquez ici pour prendre le quiz!

Statistiques générales

  • Ce quiz a été pris 200 fois
  • Le résultat moyen est 13 sur 20

Statistiques - réponses

Réponse% Correct
oden
96%
king
91%
queen
90%
jack
84%
kaku
75%
caribou
74%
ben beckmann
67%
joz
67%
niji
67%
burgess
65%
judge
61%
reiju
61%
ichiji
60%
shiliew
60%
yonji
59%
oven
58%
crackers
53%
kawamatsu
47%
denjiro
44%
manshelly
37%

Distribution des résultats

Percentile par nombre de réponses

% des personnes avec chaque résultat

Votre développement - résultats

Vous n’avez pas pris ce quiz